Move ahead 3
Gespeichert in:
| 1. Verfasser: | |
|---|---|
| Format: | Buch |
| Sprache: | Undetermined |
| Veröffentlicht: |
Oxford
McMillan
2002
|
| Schlagworte: | |
| Tags: |
Tag hinzufügen
Keine Tags, Fügen Sie den ersten Tag hinzu!
|
| Thư viện lưu trữ: | Trung tâm Học liệu Trường Đại học Cần Thơ |
|---|
| LEADER | 00494nam a2200205Ia 4500 | ||
|---|---|---|---|
| 001 | CTU_94075 | ||
| 008 | 210402s9999 xx 000 0 und d | ||
| 020 | |c 36000 | ||
| 082 | |a 428.24 | ||
| 082 | |b H848/B.3 | ||
| 100 | |a Howard, Deirdre | ||
| 245 | 0 | |a Move ahead 3 | |
| 245 | 0 | |c Deirdre Howard | |
| 260 | |a Oxford | ||
| 260 | |b McMillan | ||
| 260 | |c 2002 | ||
| 650 | |a English language | ||
| 650 | |x Practice | ||
| 904 | |i Truc | ||
| 980 | |a Trung tâm Học liệu Trường Đại học Cần Thơ | ||